| 000 | 00995nam a2200289Ia 4500 | ||
|---|---|---|---|
| 001 | Z_445 | ||
| 003 | CHAP | ||
| 008 | 220113s1978 xx 000 0 und d | ||
| 010 | _a163422 | ||
| 040 | _cCHAP | ||
| 090 | _aTesis G 59 | ||
| 100 |
_aGuajardo García, José Luis _950953 |
||
| 245 |
_aNivel óptimo de proteína y lisina para la codorniz japonesa (Coturnix coturnix japonica de 3-6 semanas de edad con una dieta semi-purificada a base de pasta de ajonjolí como única fuente de proteína / _cpor José Luis Guajardo García |
||
| 260 |
_aChapingo, Méx. : _bEl autor, _c1978 |
||
| 300 | _a40 h. gráfs. | ||
| 502 | _aTesis (Ing. Agrónomo Esp. en Zootecnia) -- ENA. Departamento de Zootecnia | ||
| 650 |
_aCodorniz _xNutrición _924310 |
||
| 650 | _aLisina | ||
| 650 |
_aPasta de ajonjolí _985896 |
||
| 650 |
_aProteínas en nutrición en aves de corral _9137638 |
||
| 901 | _aTESIS G 59 | ||
| 902 | _aM | ||
| 910 | _a1978 | ||
| 942 | _c2 | ||
| 942 | _c2 | ||
| 999 |
_c163422 _d163422 |
||